000 00292nam a2200133Ia 4500
008 230312s9999||||xx |||||||||||||| ||und||
082 _a658.330
_bKHA-E
100 _aAhsan Khan
245 0 _aManagerial Economics
260 _bHEC
_c2017
300 _a527
650 _aEconomics
942 _cBK
999 _c1234
_d1234